000 00761nam a2200241Ia 4500
003 OSt
005 20220923223457.0
006 a|||||r|||| 00| 0
007 ta
008 220922b |||||||| |||| 00| 0 hin d
024 _a217,443
037 _cTextual
040 _aARTS
_cARTS
_bhin
041 _2hin
_ahin
082 _aP1520aW94, 152P2
100 _aविष्णु प्रभाकर
_9156271
245 0 _aराष्ट्रीय एकता और हिंदी
246 _aRāṣhṭrīya ekatā aur hiandī
260 _aदिल्ली
_b जगतराम
_c2002
300 _a211i`
_ccm.
942 _hP1520aW94, 152P2
_cTEXL
_2CC
999 _c365602
_d365602